书目信息 |
| 题名: |
社会大课堂一日综合课程的开发与设计系列丛书
|
|
| 作者: | 马丽英 编著 | |
| 分册: | 一 | |
| 出版信息: | 北京 现代教育出版社 2018.6 |
|
| 页数: | 109页 | |
| 开本: | 26cm | |
| 丛书名: | ||
| 单 册: | ||
| 中图分类: | G632.3 | |
| 科图分类: | ||
| 主题词: | 活动课程--教学研究--中小学 | |
| 电子资源: | ||
| ISBN: | 978-7-5106-6015-3 | |
| 000 | 00849nam0 2200229 45 | |
| 001 | 012001000894 | |
| 005 | 20210922155441.78 | |
| 010 | @a978-7-5106-6015-3@dCNY20.80 | |
| 100 | @a20190220d2018 em y0chiy0110 ea | |
| 101 | 0 | @achi |
| 102 | @aCN@b110000 | |
| 105 | @aa z 000yy | |
| 106 | @ar | |
| 200 | 1 | @a社会大课堂一日综合课程的开发与设计系列丛书@Ashe hui da ke tang yi ri zong he ke cheng de kai fa yu she ji xi lie cong shu@h一@f马丽英编著 |
| 210 | @a北京@c现代教育出版社@d2018.6 | |
| 215 | @a109页@c图@d26cm | |
| 330 | @a本书共分10个课程,分别为北京市朝阳循环经济产业园、国家动物博物馆、北京市翱翔实践园、北京晋商博物馆、北京市方志馆、青少年阅读体验大世界等。 | |
| 606 | 0 | @a活动课程@x教学研究@x中小学 |
| 690 | @aG632.3@v5 | |
| 701 | 0 | @a马丽英@Ama li ying@4编著 |
| 801 | @aCN@bAHXH@c20210922 | |
| 905 | @b1247481-5@dG632.3@e1046:1@f5 | |
| 社会大课堂一日综合课程的开发与设计系列丛书.一/马丽英编著.-北京:现代教育出版社,2018.6 |
| 109页:图;26cm |
| ISBN 978-7-5106-6015-3:CNY20.80 |
| 本书共分10个课程,分别为北京市朝阳循环经济产业园、国家动物博物馆、北京市翱翔实践园、北京晋商博物馆、北京市方志馆、青少年阅读体验大世界等。 |
| ● |
| 相关链接 |
|
|
|
|
正题名:社会大课堂一日综合课程的开发与设计系列丛书
索取号:G632.3/1046:1
 
预约/预借
| 序号 | 登录号 | 条形码 | 馆藏地/架位号 | 状态 | 备注 |
| 1 | 1247481 | 212474810 | 第一样本阅览室/ [索取号:G632.3/1046:1] | 在馆 | |
| 2 | 1247482 | 212474829 | 教育系资料室/ [索取号:G632.3/1046:1] | 在馆 | |
| 3 | 1247483 | 212474838 | 教育系资料室/ [索取号:G632.3/1046:1] | 在馆 | |
| 4 | 1247484 | 212474847 | 第四借阅区/ [索取号:G632.3/1046:1] | 在馆 | |
| 5 | 1247485 | 212474856 | 第四借阅区/ [索取号:G632.3/1046:1] | 在馆 |